| 000 | 01268nam a2200241Ia 4500 | ||
|---|---|---|---|
| 999 |
_c39716 _d39716 |
||
| 001 | 6321 | ||
| 003 | GE_BSU | ||
| 005 | 20191002144549.0 | ||
| 008 | 181216s1962||||ge |||||||||||||| ||geo|| | ||
| 040 | _cGE_BSU | ||
| 041 | _ageo | ||
| 080 | _a821.353.1+821.353.1-32 ბ-27 | ||
| 100 |
_aბარნოვი, ვასილ _94407 |
||
| 245 |
_aთხზულებათა სრული კრებული ათ ტომად ტომი 5 1917-1918 : _bმოთხრობები, რომანები / _cვასილ ბარნოვი ; სარედ. კოლეგია : გიორგი ლეონიძე ; რედ. სიმონ ყუბანეიშვილი, მიხეილ ჩიქოვანი. |
||
| 264 |
_aთბილისი : _bსაბჭ.მწერალი ; _c1962. |
||
| 300 |
_a480 გვ.; _bფოტო, ილ. ; _c22 სმ. |
||
| 653 | _aთხზულებანი | ||
| 653 | _aმოთხრობები | ||
| 653 | _a რომანები | ||
| 700 |
_aყუბანეიშვილი, სიმონ _eრედაქტორი _94408 |
||
| 700 |
_aჩიქოვანი, მიხეილ _eრედაქტორი _91226 |
||
| 942 |
_cBK _2udc |
||